[Event "Russian Women's Higher League 2020"]
[Site "?"]
[Date "2020.10.14"]
[Round "6.7"]
[White "Semenova, Elena"]
[Black "Voit, Daria"]
[Result "0-1"]
[WhiteElo "2284"]
[BlackElo "2343"]
[PlyCount "64"]
[EventDate "2020.??.??"]
[WhiteClock "0:01:02"]
[BlackClock "0:01:49"]

1. e4 c5 2. Nf3 d6 3. d4 cxd4 4. Nxd4 Nf6 5. Nc3 a6 6. Bg5 Nbd7 7. f4 e5 8. Nf5
Qb6 9. Bc4 Qxb2 10. Nd5 Nxd5 11. Qxd5 Qc3+ 12. Ke2 f6 13. Bh4 Nc5 14. Qf7+ Kd8
15. Be1 Qxc2+ 16. Kf1 a5 17. Bf2 b6 18. fxe5 Qxc4+ 19. Qxc4 Ba6 20. Qxa6 Rxa6
21. exf6 gxf6 22. Bh4 Nxe4 23. Nd4 Kd7 24. Re1 d5 25. Rd1 Bc5 26. Nb5 Kc6 27.
a4 Raa8 28. Ke2 Rae8 29. Kd3 Rhg8 30. Rhf1 Rxg2 31. Nd4+ Bxd4 32. Kxd4 Rg4 0-1

[Event "Russian Women's Higher League 2020"]
[Site "?"]
[Date "2020.10.14"]
[Round "6.8"]
[White "Nasyrova, Ekaterina"]
[Black "Belenkaya, Dina"]
[Result "0-1"]
[WhiteElo "2171"]
[BlackElo "2297"]
[PlyCount "40"]
[EventDate "2020.??.??"]
[WhiteClock "0:16:38"]
[BlackClock "0:14:30"]

1. Nf3 Nf6 2. c4 e6 3. Nc3 Bb4 4. g4 h6 5. Rg1 d5 6. h4 d4 7. Nb5 Nc6 8. g5
hxg5 9. hxg5 Ne4 10. Qc2 Nc5 11. a3 e5 12. axb4 Nxb4 13. Qb1 d3 14. Nxe5 c6 15.
Na3 Qd4 16. Rg3 Rh1 17. Nf3 Qe4 18. Ng1 Kf8 19. f3 Qh4 20. Kf2 Rxg1 0-1

[Event "Russian Women's Higher League 2020"]
[Site "?"]
[Date "2020.10.14"]
[Round "6.9"]
[White "Shafigullina, Zarina"]
[Black "Yakimova, Mariya"]
[Result "1-0"]
[WhiteElo "2296"]
[BlackElo "2269"]
[PlyCount "103"]
[EventDate "2020.??.??"]
[WhiteClock "0:18:31"]
[BlackClock "0:06:20"]

1. d4 Nf6 2. c4 g6 3. Nc3 Bg7 4. Nf3 O-O 5. g3 d6 6. Bg2 Nc6 7. O-O a6 8. Qd3
Rb8 9. d5 Na7 10. a4 c5 11. e4 Qc7 12. Bd2 b5 13. axb5 axb5 14. b3 b4 15. Ne2
Bg4 16. Ra2 Nd7 17. h3 Bxf3 18. Qxf3 Nc8 19. Qe3 Ncb6 20. f4 Ra8 21. Rc2 Ra6
22. h4 Nf6 23. Bf3 Nbd7 24. g4 Rfa8 25. e5 dxe5 26. d6 Qxd6 27. Bxa8 Rxa8 28.
g5 Nh5 29. f5 gxf5 30. Qf3 e4 31. Qxf5 Ng3 32. Qxf7+ Kh8 33. Bf4 Nxe2+ 34. Rxe2
Qd4+ 35. Kg2 e3 36. Qd5 Rf8 37. Bg3 Rxf1 38. Kxf1 Qxd5 39. cxd5 Nb6 40. d6 exd6
41. Rxe3 Bd4 42. Re8+ Kg7 43. Bxd6 Kg6 44. Be5 Kf5 45. Bxd4 cxd4 46. Re7 Nd5
47. Rxh7 d3 48. Ke1 Ke4 49. Kd2 Nc3 50. Re7+ Kd4 51. Rd7+ Ke4 52. Rxd3 {Kd5}
1-0

[Event "Russian Women's Higher League 2020"]
[Site "?"]
[Date "2020.10.14"]
[Round "6.10"]
[White "Bodnaruk, Anastasia"]
[Black "Solozhenkina, Elizaveta"]
[Result "1-0"]
[WhiteElo "2428"]
[BlackElo "2301"]
[PlyCount "61"]
[EventDate "2020.??.??"]
[WhiteClock "0:04:56"]
[BlackClock "0:02:18"]

1. e4 e6 2. d4 d5 3. Nc3 Bb4 4. e5 c5 5. a3 Ba5 6. b4 cxd4 7. Nb5 Bc7 8. f4 Bd7
9. Nxc7+ Qxc7 10. Nf3 Ba4 11. Bd3 Ne7 12. O-O Qb6 13. Rf2 a6 14. Nxd4 Nbc6 15.
Be3 Qc7 16. Nxc6 Qxc6 17. Bc5 g6 18. Qg4 b6 19. Bxe7 Kxe7 20. Qg5+ Ke8 21. Re1
Bb5 22. c4 Bxc4 23. Bxc4 Qxc4 24. Rff1 Qc7 25. f5 Qe7 26. f6 Qd8 27. Rc1 Kd7
28. Rfd1 h5 29. Qe3 Rc8 30. Rxd5+ exd5 31. Qh3+ 1-0

[Event "Russian Women's Higher League 2020"]
[Site "?"]
[Date "2020.10.14"]
[Round "6.11"]
[White "Gritsayeva, Oksana"]
[Black "Dordzhieva, Dinara"]
[Result "0-1"]
[WhiteElo "2373"]
[BlackElo "2354"]
[PlyCount "118"]
[EventDate "2020.??.??"]
[WhiteClock "0:07:22"]
[BlackClock "0:03:30"]

1. e4 c5 2. g3 d5 3. exd5 Qxd5 4. Nf3 Nc6 5. Nc3 Qd8 6. Bg2 Nf6 7. O-O Bg4 8.
h3 Bh5 9. d3 e6 10. Re1 Be7 11. Bf4 Bxf3 12. Bxf3 Qd7 13. a4 O-O 14. Bg2 Rad8
15. Nb5 Nd5 16. Bd2 Bf6 17. Qc1 Rfe8 18. Na3 Nd4 19. Nc4 Nb4 20. Bxb4 cxb4 21.
Qd1 b6 22. Be4 Qc7 23. Rf1 Rc8 24. f4 g6 25. Qd2 Red8 26. Rf2 Qc5 27. Kh2 Bg7
28. Raf1 Nc6 29. g4 Na5 30. Nxa5 bxa5 31. b3 Rc7 32. f5 Rdc8 33. fxe6 fxe6 34.
d4 Bxd4 35. Re2 Bc3 36. Qd3 Rf8 37. Rxf8+ Qxf8 38. Qe3 Qd6+ 39. Kg2 Bd4 40. Qg3
e5 41. Bd3 Kg7 42. Bc4 Rc8 43. Bd3 Rf8 44. Be4 Qf6 45. Bf3 Qg5 46. Qe1 h5 47.
h4 Qf6 48. Qg3 Kh8 49. Re1 Qe6 50. Re4 Qf6 51. Re1 Qd6 52. Re2 Qc7 53. Kh3 Qc3
54. Kg2 hxg4 55. Qxg4 Rf4 56. Qg3 Qa1 57. Re1 Qc3 58. Re2 Bb6 59. Be4 Rxe4 0-1

[Event "Russian Women's Higher League 2020"]
[Site "?"]
[Date "2020.10.14"]
[Round "6.12"]
[White "Garmash, Aliona"]
[Black "Potapova, Margarita"]
[Result "1/2-1/2"]
[WhiteElo "2093"]
[BlackElo "2270"]
[PlyCount "80"]
[EventDate "2020.??.??"]
[WhiteClock "0:32:28"]
[BlackClock "0:31:43"]

1. d4 Nf6 2. Nf3 g6 3. c4 Bg7 4. Nc3 d5 5. Bg5 Ne4 6. Bf4 Nxc3 7. bxc3 dxc4 8.
e3 b5 9. Qb1 c6 10. a4 Bd7 11. Bxc4 Qa5 12. O-O Qb6 13. axb5 cxb5 14. Ne5 Bxe5
15. Bxe5 O-O 16. d5 Na6 17. Bd4 Nc5 18. Be2 Rfc8 19. e4 a5 20. f4 Rab8 21. f5
gxf5 22. exf5 f6 23. Qe1 Kh8 24. Bh5 Qd6 25. Qh4 Rg8 26. Bg6 Rg7 27. Rf3 Qxd5
28. Raf1 Ne4 29. Re3 Bc6 30. Rf4 Ng5 31. Rg4 Kg8 32. Qg3 Rb7 33. Rxg5 fxg5 34.
Bxg7 Kxg7 35. Bh5 Qxf5 36. Re5 Qb1+ 37. Re1 Qf5 38. Re5 Qb1+ 39. Re1 Qf5 40.
Re5 Qb1+ 1/2-1/2

[Event "Russian Women's Higher League 2020"]
[Site "?"]
[Date "2020.10.14"]
[Round "6.13"]
[White "Ovod, Evgenija"]
[Black "Komissarova, Soigina"]
[Result "0-1"]
[WhiteElo "2372"]
[BlackElo "1780"]
[PlyCount "104"]
[EventDate "2020.??.??"]
[WhiteClock "0:21:50"]
[BlackClock "0:35:23"]

1. e4 e5 2. Nf3 Nc6 3. Bc4 Nf6 4. d3 h6 5. c3 d6 6. a4 a6 7. Nbd2 g5 8. Qb3 Qe7
9. a5 Bg7 10. Nf1 O-O 11. Ng3 Nd8 12. h4 g4 13. Nd2 c6 14. Ndf1 d5 15. exd5
cxd5 16. Bxd5 Nxd5 17. Qxd5 Be6 18. Qe4 f5 19. Qe2 Qf7 20. h5 Nc6 21. Nd2 Bd5
22. f3 Rae8 23. Kd1 Qc7 24. fxg4 Nd4 25. Qf2 fxg4 26. Qg1 Ne6 27. Nge4 Nf4 28.
Qe3 Rd8 29. g3 Nxd3 30. Kc2 Nb4+ 31. Kb1 Rc8 32. Ra4 Nc6 33. Qe2 Nxa5 34. Qxg4
b5 35. Ra3 b4 36. cxb4 Qc2+ 37. Ka1 Nc4 38. Nxc4 Qxe4 39. Qxe4 Bxe4 40. Re1
Rxc4 41. Rxa6 Rxb4 42. Bd2 Rb6 43. Ra7 Rf7 44. Ra4 Bf3 45. g4 e4 46. Ra8+ Kh7
47. g5 hxg5 48. Bxg5 Rxb2 49. h6 Rb8+ 50. hxg7 Rxa8+ 51. Kb2 Kxg7 52. Kc3 Rd7
0-1

[Event "Russian Women's Higher League 2020"]
[Site "?"]
[Date "2020.10.14"]
[Round "6.15"]
[White "Miroshnik, Ekaterina"]
[Black "Bykova, Anastasia"]
[Result "0-1"]
[WhiteElo "2104"]
[BlackElo "2215"]
[PlyCount "194"]
[EventDate "2020.??.??"]
[WhiteClock "0:04:22"]
[BlackClock "0:03:59"]

1. d4 d5 2. c4 c6 3. Nc3 Nf6 4. e3 e6 5. Nf3 Nbd7 6. Bd3 dxc4 7. Bxc4 b5 8. Bd3
Bb7 9. O-O a6 10. b3 c5 11. Bb2 Bd6 12. Qe2 cxd4 13. exd4 O-O 14. Rac1 Qb8 15.
Ne4 Nxe4 16. Bxe4 Nf6 17. Bxb7 Qxb7 18. Ne5 Rac8 19. Nd3 Qd5 20. Rfd1 Qf5 21.
Nc5 Bf4 22. Rb1 Bd6 23. Rbc1 Nd5 24. g3 Ne7 25. Ne4 Qd5 26. Nc3 Qb7 27. Ne4 Bb8
28. Nc5 Qa7 29. Qg4 Nf5 30. b4 Bd6 31. Qe4 Rfe8 32. Rd3 a5 33. Ra3 a4 34. Rf3
Bf8 35. Re1 Nd6 36. Qg4 Nc4 37. Bc3 Rcd8 38. h4 Qa8 39. Rf4 Rd5 40. Qf3 Nd6 41.
Qe2 h5 42. Ba1 g6 43. Nd7 Bg7 44. Nb6 Qc6 45. Nxd5 Qxd5 46. Rc1 Nc4 47. Rf3 Rd8
48. Rd3 Bf8 49. Bc3 Ne5 50. Re3 Nc4 51. Rf3 Bg7 52. Re1 Rd7 53. Rf4 Bh6 54. Rf3
Bg7 55. Qe4 Bxd4 56. Bxd4 Qxd4 57. Qxd4 Rxd4 58. a3 Kg7 59. Rc1 Kf8 60. Rcc3
Ke7 61. Rfd3 Rxd3 62. Rxd3 e5 63. Rd5 Nxa3 64. Rxe5+ Kd6 65. Rc5 Nc4 66. Rxb5
a3 67. Rb8 Kc7 68. Ra8 Kb7 69. Ra4 Kb6 70. Ra8 Kb5 71. Kf1 Kxb4 72. Ke2 Na5 73.
Rb8+ Kc3 74. Ra8 Kb4 75. Rb8+ Ka4 76. Rb1 Nb3 77. Ke3 a2 78. Rd1 Kb4 79. Kf4
Kc3 80. f3 Kc2 81. Rh1 Nc1 82. Rh2+ Kd3 83. Rxa2 Nxa2 84. g4 Nc3 85. gxh5 gxh5
86. Kg5 Ke3 87. Kxh5 Kxf3 88. Kg5 Ne4+ 89. Kf5 Nd6+ 90. Ke5 Kg4 91. Kxd6 Kxh4
92. Ke5 Kg5 93. Ke4 f6 94. Ke3 Kg4 95. Ke2 Kg3 96. Ke1 f5 97. Kf1 Kf3 0-1

[Event "Russian Women's Higher League 2020"]
[Site "?"]
[Date "2020.10.14"]
[Round "6.17"]
[White "Mukhina, Jana"]
[Black "Mironenko, Galina"]
[Result "1-0"]
[WhiteElo "2025"]
[BlackElo "2061"]
[PlyCount "81"]
[EventDate "2020.??.??"]
[WhiteClock "0:46:05"]
[BlackClock "0:31:34"]

1. d4 f5 2. g4 fxg4 3. h3 d5 4. Qd3 Nf6 5. hxg4 Bxg4 6. f3 Bh5 7. Bg5 Bg6 8.
Qb5+ Nc6 9. c3 Qd6 10. Nh3 a6 11. Qxb7 Rb8 12. Qxa6 Rxb2 13. Bf4 Qd7 14. Na3
Nh5 15. Bh2 e6 16. e3 Nb8 17. Qa8 Be7 18. Nf4 Bh4+ 19. Kd1 O-O 20. Nd3 Bxd3 21.
Bxd3 Rxf3 22. Nc2 Rf8 23. Qa3 Rb6 24. Bxh7+ Kxh7 25. Qxf8 Qd8 26. Qxd8 Bxd8 27.
Bxc7 Bxc7 28. Rxh5+ Kg6 29. Rh8 Nd7 30. Nb4 Bd6 31. a4 Rb7 32. a5 Ra7 33. a6
Bf8 34. Nc6 Ra8 35. a7 Kf5 36. Rb1 Ke4 37. Rb7 g5 38. Rxd7 g4 39. Rf7 g3 40.
Ke2 g2 41. Rh4# 1-0

[Event "Russian Women's Higher League 2020"]
[Site "?"]
[Date "2020.10.14"]
[Round "6.18"]
[White "Salakhova, Adelya"]
[Black "Berezina, Mariya"]
[Result "1-0"]
[WhiteElo "1885"]
[BlackElo "1982"]
[PlyCount "111"]
[EventDate "2020.??.??"]
[WhiteClock "0:32:30"]
[BlackClock "0:34:51"]

1. d4 d5 2. c4 e6 3. Nf3 Nf6 4. Nc3 Be7 5. Bf4 O-O 6. e3 Nbd7 7. Be2 c6 8. O-O
dxc4 9. Bxc4 b5 10. Bd3 Bb7 11. Ne5 a6 12. a4 Rc8 13. Rc1 Nxe5 14. Bxe5 b4 15.
Ne4 c5 16. Qf3 Nd7 17. Qh3 f5 18. Nd6 Nxe5 19. Nxb7 Qd5 20. Bxa6 cxd4 21. exd4
Rxc1 22. Rxc1 Qxd4 23. Qg3 f4 24. Qh3 Qb6 25. Qh5 Bf6 26. Nc5 f3 27. g3 Rd8 28.
a5 Qc6 29. Qh3 Rd6 30. Qf1 Qd5 31. Bb7 Qd4 32. a6 Nc6 33. Bxc6 Rxc6 34. a7 Rc8
35. Qa6 Ra8 36. Qxe6+ Kh8 37. Ne4 Rd8 38. Nxf6 Qd1+ 39. Qe1 Qxe1+ 40. Rxe1 gxf6
41. Ra1 Ra8 42. Kf1 Kg7 43. Ke1 Kg6 44. Kd2 Kf5 45. Ke3 Kg4 46. h3+ Kxh3 47.
Kxf3 Kh2 48. b3 h5 49. Kf4 Kg2 50. f3 Kh3 51. Ra5 h4 52. gxh4 Kxh4 53. Kf5 Kg3
54. f4 Kf3 55. Ra4 Ke3 56. Kxf6 1-0

[Event "Russian Women's Higher League 2020"]
[Site "?"]
[Date "2020.10.15"]
[Round "7.1"]
[White "Gunina, Valentina"]
[Black "Guseva, Marina"]
[Result "1-0"]
[WhiteElo "2431"]
[BlackElo "2377"]
[PlyCount "91"]
[EventDate "2020.??.??"]

1. d4 Nf6 2. c4 e6 3. g3 d5 4. Bg2 Bb4+ 5. Bd2 Bxd2+ 6. Qxd2 b6 7. cxd5 exd5 8.
Nc3 O-O 9. Nf3 Bb7 10. O-O Nbd7 11. Rac1 Qe7 12. Qf4 c6 13. Rfe1 Qd8 14. Nd2
Re8 15. e4 Nf8 16. e5 Ne6 17. Qe3 Ng4 18. Qd3 Nh6 19. Nf1 a5 20. Ne3 g6 21. Na4
Rb8 22. a3 Kg7 23. f4 f5 24. exf6+ Qxf6 25. Nxb6 Qxd4 26. Qxd4+ Nxd4 27. Nd7
Rbd8 28. Ne5 Nf7 29. Nxd5 Nb3 30. Rc3 a4 31. Nb6 Rd2 32. Nxa4 Nd4 33. Rce3 Ba8
34. Nc5 Rxb2 35. Ned3 Rxe3 36. Rxe3 Rb1+ 37. Re1 Rb5 38. a4 Ra5 39. Re4 Nf5 40.
g4 N5d6 41. Re7 Kf8 42. Rc7 Ne8 43. Ne6+ Kg8 44. Re7 Ned6 45. Ndc5 h5 46. g5
1-0

[Event "Russian Women's Higher League 2020"]
[Site "?"]
[Date "2020.10.15"]
[Round "7.2"]
[White "Goltseva, Ekaterina"]
[Black "Garifullina, Leya"]
[Result "1/2-1/2"]
[WhiteElo "2294"]
[BlackElo "2335"]
[PlyCount "115"]
[EventDate "2020.??.??"]

1. d4 Nf6 2. c4 e6 3. Nc3 Bb4 4. Bd2 O-O 5. e3 b6 6. Nf3 d5 7. cxd5 exd5 8. Rc1
a6 9. Bd3 Re8 10. Ne5 Bd6 11. f4 c5 12. O-O c4 13. Bb1 b5 14. a3 Bc7 15. Be1
Qd6 16. Qf3 Bb7 17. Bh4 Nbd7 18. Qh3 Nf8 19. Bxf6 Qxf6 20. g4 Qd8 21. Rce1 f6
22. Nf3 Bc8 23. Qg2 Ba5 24. f5 Bb7 25. g5 Bc7 26. gxf6 Qxf6 27. Kh1 Re7 28. Ng5
Rd8 29. Nh3 Rf7 30. Ne2 Ba5 31. Nc3 Bc7 32. Nf2 Qh4 33. Ng4 Nd7 34. Rg1 Nf6 35.
Nxf6+ Qxf6 36. Ref1 Re8 37. Nd1 Qh6 38. Rf3 Ref8 39. f6 Rxf6 40. Rh3 Rg6 41.
Bxg6 Qxg6 42. Qxg6 hxg6 43. Kg2 a5 44. Rf3 b4 45. Rxf8+ Kxf8 46. axb4 axb4 47.
Nf2 Bc8 48. Kf3 Bf5 49. e4 dxe4+ 50. Nxe4 Bxh2 51. Rc1 Be6 52. Nd2 g5 53. Nxc4
Bd5+ 54. Kg4 Bf4 55. Rc2 Be6+ 56. Kf3 Bd5+ 57. Kg4 Be6+ 58. Kf3 1/2-1/2

[Event "Russian Women's Higher League 2020"]
[Site "?"]
[Date "2020.10.15"]
[Round "7.3"]
[White "Voit, Daria"]
[Black "Getman, Tatyana"]
[Result "0-1"]
[WhiteElo "2343"]
[BlackElo "2271"]
[PlyCount "64"]
[EventDate "2020.??.??"]

1. d4 Nf6 2. c4 e6 3. Nf3 d5 4. Nc3 Bb4 5. Qa4+ Nc6 6. e3 O-O 7. Bd2 dxc4 8.
Bxc4 Bd6 9. O-O e5 10. h3 e4 11. Nh2 a6 12. Qc2 Bf5 13. f4 Nb4 14. Qb1 b5 15.
Bb3 c5 16. dxc5 Bxc5 17. Rd1 Qb6 18. Nf1 Rad8 19. g4 Bc8 20. Ne2 Nd3 21. Kg2
Nxg4 22. hxg4 Bxg4 23. Neg3 Qh6 24. Qc2 Nxf4+ 25. Kf2 Nd3+ 26. Kg1 Rc8 27. Nxe4
Bf3 28. Neg3 Qh3 29. Bc3 Bxe3+ 30. Nxe3 Qxg3+ 31. Kf1 Qh3+ 32. Kg1 Qh1# 0-1

[Event "Russian Women's Higher League 2020"]
[Site "?"]
[Date "2020.10.15"]
[Round "7.4"]
[White "Kovanova, Baira"]
[Black "Shafigullina, Zarina"]
[Result "1/2-1/2"]
[WhiteElo "2324"]
[BlackElo "2296"]
[PlyCount "159"]
[EventDate "2020.??.??"]

1. d4 Nf6 2. c4 e6 3. Nf3 b6 4. g3 Ba6 5. b3 Bb4+ 6. Bd2 Be7 7. Nc3 c5 8. Bg2
Bb7 9. d5 exd5 10. Nh4 d6 11. Nf5 O-O 12. O-O Ne4 13. Nxe4 dxe4 14. Bf4 Bf6 15.
Rc1 Be5 16. Bxe5 dxe5 17. Qc2 Qf6 18. Bxe4 Nc6 19. Qb2 Rab8 20. Ne3 Nd4 21. Nd5
Bxd5 22. cxd5 Qe7 23. e3 Nb5 24. Bd3 Nd6 25. e4 Rbe8 26. Qc2 f5 27. f3 f4 28.
g4 Qh4 29. Qf2 Qe7 30. Rc2 Rc8 31. Ba6 Rc7 32. Rfc1 Ne8 33. Qd2 Rf6 34. Bf1 a5
35. a3 Kf8 36. Bb5 Nd6 37. Qe2 Ra7 38. Bd3 Rg6 39. Qe1 h5 40. h3 Nf7 41. Rh2
hxg4 42. hxg4 Rh6 43. Qf2 Qf6 44. Bf1 Ng5 45. Rc3 Rxh2 46. Qxh2 g6 47. Qe2 Rh7
48. Bg2 Nh3+ 49. Kf1 Qh4 50. Rc2 Qg3 51. Qa6 Qh2 52. Qc8+ Kg7 53. Qd7+ Kh6 54.
g5+ Nxg5 55. Qd8 Qg3 56. Rf2 Kg7 57. Qc7+ Nf7 58. Qxb6 g5 59. Qxc5 g4 60. Qc8
gxf3 61. Rxf3 Qg6 62. Rh3 Rxh3 63. Qxh3 Qa6+ 64. Kg1 Qb6+ 65. Kh2 Qc5 66. a4
Qf2 67. Qg4+ Kf8 68. Qc8+ Kg7 69. Qc3 Kf6 70. Qf3 Qxf3 71. Bxf3 Nd6 72. Kg2 Nb7
73. Bd1 Nc5 74. Bc2 Ke7 75. Kf3 Kd6 76. Kg4 Nb7 77. Bd3 Nc5 78. Bc2 Nb7 79. Bd3
Nc5 80. Bc2 1/2-1/2

[Event "Russian Women's Higher League 2020"]
[Site "?"]
[Date "2020.10.15"]
[Round "7.5"]
[White "Belenkaya, Dina"]
[Black "Schepetkova, Margarita"]
[Result "0-1"]
[WhiteElo "2297"]
[BlackElo "2257"]
[PlyCount "92"]
[EventDate "2020.??.??"]

1. e4 c5 2. Nf3 e6 3. d3 Nc6 4. g3 g6 5. Bg2 Bg7 6. c3 Nge7 7. h4 d5 8. Qe2 b6
9. e5 Qc7 10. Bf4 Ba6 11. c4 dxc4 12. dxc4 O-O-O 13. Nc3 Nb4 14. O-O Nd3 15.
Nb5 Bxb5 16. cxb5 Nxf4 17. gxf4 Nd5 18. Qe4 Rhf8 19. Bh3 Qd7 20. Rfd1 Qb7 21.
Bg2 Nc7 22. Qe2 Nd5 23. Nd2 Qe7 24. Nc4 Nxf4 25. Qe4 Nd5 26. a4 f5 27. Qf3 Qxh4
28. Nd6+ Rxd6 29. exd6 Bd4 30. a5 Kd7 31. axb6 axb6 32. Ra6 Kxd6 33. Qe2 Rb8
34. Bxd5 exd5 35. Re1 Qg4+ 36. Qxg4 fxg4 37. b3 g3 38. Re2 gxf2+ 39. Kf1 c4 40.
bxc4 dxc4 41. Ra7 Kc5 42. Re4 Rd8 43. Rxh7 Kxb5 44. Rg4 Bc5 45. Rf7 Rd1+ 46.
Kg2 Rg1+ 0-1

[Event "Russian Women's Higher League 2020"]
[Site "?"]
[Date "2020.10.15"]
[Round "7.6"]
[White "Paramzina, Anastasya"]
[Black "Grigorieva, Yulia"]
[Result "1/2-1/2"]
[WhiteElo "2237"]
[BlackElo "2237"]
[PlyCount "119"]
[EventDate "2020.??.??"]

1. e4 e5 2. Nf3 Nc6 3. Bc4 Nf6 4. d3 Bc5 5. O-O O-O 6. h3 d5 7. exd5 Nxd5 8.
Re1 Be6 9. c3 Bb6 10. Bb3 Qd7 11. Na3 Rfe8 12. Nc4 f6 13. Nxb6 Nxb6 14. Bc2
Rad8 15. Nd2 f5 16. Nf3 Bd5 17. b4 Qd6 18. a4 Nd7 19. b5 Ne7 20. c4 Bf7 21. Bb2
Ng6 22. Ng5 Nf4 23. Nxf7 Kxf7 24. Qf3 Re6 25. g3 Nxh3+ 26. Kg2 Nxf2 27. Kxf2
Rf6 28. Qd5+ Qxd5 29. cxd5 Re8 30. Bb3 Rh6 31. Rh1 Rxh1 32. Rxh1 Nc5 33. Bc4
Nxa4 34. Ba1 Kg6 35. Re1 Kf6 36. Bd4 Nb6 37. Bxb6 axb6 38. Ra1 Ke7 39. Ra7 Kd6
40. Ke3 g5 41. Ra1 f4+ 42. Kf3 h5 43. g4 h4 44. Ke4 Rf8 45. d4 exd4 46. Kxd4 f3
47. Bf1 Rf4+ 48. Ke3 Rxg4 49. Kxf3 Rf4+ 50. Ke3 Kxd5 51. Rc1 Kd6 52. Bg2 Rb4
53. Bxb7 Rxb5 54. Rc6+ Kd7 55. Kd4 Ra5 56. Rh6 Rc5 57. Bd5 c6 58. Be4 Rc1 59.
Ke5 Rc5+ 60. Kd4 1/2-1/2

[Event "Russian Women's Higher League 2020"]
[Site "?"]
[Date "2020.10.15"]
[Round "7.7"]
[White "Dordzhieva, Dinara"]
[Black "Bodnaruk, Anastasia"]
[Result "1/2-1/2"]
[WhiteElo "2354"]
[BlackElo "2428"]
[PlyCount "208"]
[EventDate "2020.??.??"]

1. d4 Nf6 2. c4 g6 3. Nc3 Bg7 4. e4 d6 5. Be2 O-O 6. Nf3 e5 7. O-O Nc6 8. d5
Ne7 9. Bg5 Nh5 10. Re1 h6 11. Bd2 Nf4 12. Bf1 g5 13. g3 Nfg6 14. h3 f5 15. exf5
Bxf5 16. Nh2 Kh8 17. Ne4 Ng8 18. Ng4 Bxe4 19. Rxe4 Nf6 20. Re1 Nxg4 21. Qxg4
Qf6 22. Be3 e4 23. Qxe4 Rae8 24. Qc2 Qxb2 25. Qxb2 Bxb2 26. Rab1 Bc3 27. Rec1
Rxe3 28. fxe3 Bd2 29. Rc2 Bxe3+ 30. Kg2 b6 31. Bd3 Ne5 32. Rf1 Re8 33. Bf5 Kg7
34. h4 Rf8 35. Be6 Rxf1 36. Kxf1 Kg6 37. Kg2 Bd4 38. a4 a5 39. Kh3 Be3 40. Re2
Bc5 41. Re4 Kg7 42. Bc8 Kg6 43. Ba6 Kg7 44. Bb5 Kg6 45. Re1 Kg7 46. Rf1 Be3 47.
Rf5 Bd2 48. Kg2 Ng4 49. Kg1 gxh4 50. gxh4 Be1 51. Rf4 h5 52. Bd7 Bd2 53. Rf1
Ne3 54. Rf2 Nxc4 55. Rf5 Ne5 56. Be8 Be1 57. Rxh5 Bxh4 58. Kg2 Be1 59. Rh1 Bd2
60. Rf1 Be3 61. Kg3 Bg5 62. Rf2 Be3 63. Rc2 Bc5 64. Kf4 Kf6 65. Ke4 Ke7 66. Bb5
Ng4 67. Bc6 Kf6 68. Kf4 Ne5 69. Bb5 Ng6+ 70. Ke4 Ne5 71. Rh2 Nf7 72. Be8 Ne5
73. Rh7 Kg5 74. Rg7+ Kf6 75. Rxc7 Bb4 76. Rh7 Kg5 77. Rh5+ Kf6 78. Rh6+ Kg5 79.
Re6 Bc5 80. Bb5 Ng4 81. Bc6 Nf2+ 82. Kf3 Nd3 83. Re8 Kf5 84. Bd7+ Kg5 85. Bb5
Ne5+ 86. Ke4 Kf6 87. Re6+ Kg5 88. Rxe5+ dxe5 89. Kxe5 Kg6 90. Ke6 Kg7 91. d6
Be3 92. d7 Bg5 93. Kd6 Bd8 94. Kc6 Kf6 95. Kb7 Kf7 96. Kb8 Ke6 97. Kc8 Ke7 98.
Kb7 Kd6 99. Bc6 b5 100. axb5 a4 101. Kc8 Ke7 102. Bd5 a3 103. Ba2 Ba5 104. Bb3
Bd8 1/2-1/2

[Event "Russian Women's Higher League 2020"]
[Site "?"]
[Date "2020.10.15"]
[Round "7.8"]
[White "Yakimova, Mariya"]
[Black "Kovalevskaya, Ekaterina"]
[Result "0-1"]
[WhiteElo "2269"]
[BlackElo "2384"]
[PlyCount "122"]
[EventDate "2020.??.??"]

1. d4 Nf6 2. c4 c5 3. d5 b5 4. cxb5 a6 5. bxa6 g6 6. Nc3 Bg7 7. Nf3 O-O 8. e4
Qa5 9. Bd2 Bxa6 10. Be2 Qb4 11. Bxa6 Nxa6 12. e5 Ng4 13. Qe2 d6 14. e6 f5 15.
O-O Nc7 16. a4 Qb7 17. Bg5 Nxd5 18. Nxd5 Qxd5 19. Bxe7 Rfe8 20. Bg5 Qxe6 21.
Qd2 Ne5 22. Nxe5 dxe5 23. Be3 c4 24. Qe2 e4 25. Rfc1 Rec8 26. a5 Qd5 27. a6 Qb5
28. a7 Qxb2 29. Qd1 Qb7 30. Ra5 c3 31. g3 h6 32. h4 h5 33. Rd5 Rxa7 34. Bxa7
Qxa7 35. Rd7 Rc7 36. Qd5+ Kh7 37. Rd6 Re7 38. Rc6 Qd7 39. Rd6 Qe8 40. Rd8 Qf7
41. Qxf7 Rxf7 42. Rc8 f4 43. R1xc3 Bxc3 44. Rxc3 f3 45. Rc4 Re7 46. Kf1 g5 47.
hxg5 Kg6 48. Rc5 Ra7 49. Ke1 Ra2 50. Re5 Re2+ 51. Kf1 Kf7 52. Kg1 Re1+ 53. Kh2
Kg6 54. Re6+ Kxg5 55. Re7 Kf5 56. Re8 Rf1 57. Rf8+ Ke5 58. Re8+ Kd4 59. Rd8+
Kc3 60. Rd5 Rxf2+ 61. Kh3 e3 0-1

[Event "Russian Women's Higher League 2020"]
[Site "?"]
[Date "2020.10.15"]
[Round "7.9"]
[White "Bivol, Alina"]
[Black "Nasyrova, Ekaterina"]
[Result "1-0"]
[WhiteElo "2393"]
[BlackElo "2171"]
[PlyCount "145"]
[EventDate "2020.??.??"]

1. e4 e5 2. Nf3 Nc6 3. Nc3 Nf6 4. Bb5 Bd6 5. d3 a6 6. Ba4 b5 7. Bb3 Bb7 8. a3
h6 9. Be3 Na5 10. Ba2 c5 11. Nh4 Rc8 12. Qf3 Bf8 13. Qg3 d6 14. O-O g5 15. Nf5
Rg8 16. Nd5 Bxd5 17. Bxd5 Qd7 18. Bd2 Nc6 19. Bxc6 Rxc6 20. c3 Rg6 21. a4 Rb6
22. axb5 Qxb5 23. b4 c4 24. Ra5 Qc6 25. Re1 Be7 26. Qe3 Bd8 27. dxc4 Nd7 28.
Qd3 Rb8 29. Ra2 a5 30. Ne3 Rc8 31. Rb1 g4 32. bxa5 Nc5 33. Qd5 Qxd5 34. exd5
Ra8 35. Rb5 Kd7 36. Nc2 f5 37. Nb4 f4 38. a6 Bc7 39. a7 Rgg8 40. Nc6 Ne4 41.
Be1 Rgc8 42. Rab2 Nc5 43. Rb1 h5 44. f3 e4 45. fxe4 Nxe4 46. Rb8 g3 47. Rxa8
Rxa8 48. Ra1 Bb6+ 49. Kh1 h4 50. h3 Kc8 51. c5 Nxc5 52. c4 Kb7 53. Bb4 Ne4 54.
Ba5 Bxa7 55. Bd8 Be3 56. Rxa8 Kxa8 57. Bxh4 Nd2 58. Be7 Nxc4 59. h4 Nb2 60.
Bxd6 Nd3 61. Be5 Ne1 62. Nd4 Kb7 63. Nf3 Nd3 64. h5 Kc8 65. Bg7 Kd7 66. Ne5+
Nxe5 67. Bxe5 Ke7 68. h6 f3 69. gxf3 Bxh6 70. Kg2 Kf7 71. Kxg3 Kg6 72. Kg4 Bf8
73. Kf4 1-0

[Event "Russian Women's Higher League 2020"]
[Site "?"]
[Date "2020.10.15"]
[Round "7.10"]
[White "Komissarova, Soigina"]
[Black "Charochkina, Daria"]
[Result "0-1"]
[WhiteElo "1780"]
[BlackElo "2356"]
[PlyCount "70"]
[EventDate "2020.??.??"]

1. c4 b6 2. Nc3 Bb7 3. e4 c5 4. g3 h5 5. h4 e6 6. Bg2 Nf6 7. d3 Nc6 8. Nge2 Be7
9. O-O Ng4 10. f3 Nge5 11. Be3 d6 12. a3 Qd7 13. Rb1 g5 14. hxg5 h4 15. Rf2
O-O-O 16. g4 h3 17. Bh1 Rdg8 18. Qd2 f6 19. b3 fxg5 20. d4 h2+ 21. Kf1 cxd4 22.
Nxd4 Rh3 23. Ke2 Nxd4+ 24. Bxd4 Ng6 25. Kd1 Nf4 26. Kc2 d5 27. Kb2 dxe4 28.
fxe4 Rd3 29. Qc2 Qxd4 30. Rxh2 Bf6 31. Rc1 Rd8 32. e5 Bxe5 33. Bxb7+ Kxb7 34.
Kb1 Rxc3 35. Qh7+ Rd7 0-1

[Event "Russian Women's Higher League 2020"]
[Site "?"]
[Date "2020.10.15"]
[Round "7.12"]
[White "Solozhenkina, Elizaveta"]
[Black "Semenova, Elena"]
[Result "1-0"]
[WhiteElo "2301"]
[BlackElo "2284"]
[PlyCount "86"]
[EventDate "2020.??.??"]

1. e4 e5 2. Bc4 Nf6 3. d3 Nc6 4. Nf3 Bc5 5. O-O O-O 6. a4 h6 7. c3 d5 8. exd5
Nxd5 9. Re1 Be6 10. b4 Be7 11. b5 Na5 12. Nxe5 Nxc4 13. Nxc4 Bf6 14. Ra3 Re8
15. Ne3 a6 16. c4 Nf4 17. g3 Ng6 18. Rb3 axb5 19. axb5 Bd4 20. Na3 Ne5 21. Nac2
Bxe3 22. Nxe3 Ra1 23. Qe2 Bg4 24. Nxg4 Nf3+ 25. Qxf3 Rxe1+ 26. Kg2 Raxc1 27.
Qxb7 h5 28. Ne3 Rxe3 29. fxe3 Qf6 30. Qa8+ Kh7 31. Qe4+ g6 32. Qf4 Rc2+ 33. Kf3
Qe6 34. Ra3 Rxh2 35. Ra6 Qd7 36. Ra7 Kg8 37. Rxc7 Qe6 38. b6 Rb2 39. b7 Kg7 40.
Qd4+ Qf6+ 41. Qxf6+ Kxf6 42. c5 g5 43. Rc6+ Kf5 1-0